00878nam a2200241 a 450000100100000000500170001000800410002704000250006808200170009310000410011024500500015126000350020130000260023649000540026250000330031665000280034965000420037783000630041991000070048204900090048995201210049899900170061900002003020200929170233.0100712s1965 sp 001 f spa d aDO-SdBNPbspacBNPHU a863.62bU72b1 aUrabayen, Félix,d1883-194394261510aBajo los robles navarros /cFélix Urabayen. aMadrid :bEspasa-Calpe,c1965. a150, [9] p. ;c18 cm.1 aAustral. Azul: novelas y cuentos en generalv1361 aIncluye índice de autores. 4aNovela española91123 4aLiteratura españolaySIGLO XX93326 0aAustral.pAzul: novelas y cuentos en general;v1361922386 aWM aBNGR 001054708MOaGRbGRcHDd2010-07-12iLF1l0o863.62 U72bp20030-10r2020-06-25w2020-06-25y4ZPréstamo en sala c19542d19542